| 000 | 00663nam a22001937a 4500 | ||
|---|---|---|---|
| 005 | 20251108165158.0 | ||
| 008 | 250721s1985 xx 000 0 ara d | ||
| 082 | 1 | 4 | _a818.02/عطا |
| 100 | 1 | _aإبن عطاء الله الاسكندري، تاج الدين أبو الفضل | |
| 245 | 1 | 0 | _aالحكم العطائية / |
| 250 | _aط2 | ||
| 264 | 1 |
_aبيروت : _bالمجمع العربي للتأليف و الدراسات و الترجمة، _c1985. |
|
| 300 | _a94ص | ||
| 650 | 1 | 7 | _aالحكم (الأمثال) |
| 650 | 1 | 7 | _aالأدب العربي |
| 700 | 1 |
_aاليعقوبي، إبراهيم _eتحقيق |
|
| 942 |
_2ddc _cBK |
||
| 999 |
_c21408 _d21408 |
||